Pozícia značky na trhu - brand manažment dizertačná práca
Salvato in:
| Autore principale: | |
|---|---|
| Ente Autore: | |
| Altri autori: | |
| Natura: | Libro |
| Lingua: | slovacco |
| Pubblicazione: |
Bratislava
2014
|
| Soggetti: | |
| Tags: |
Nessun Tag, puoi essere il primo ad aggiungerne!!
|
MARC
| LEADER | 00000nbm a2200000 4500 | ||
|---|---|---|---|
| 001 | 0196608 | ||
| 005 | 20230308080749.4 | ||
| 041 | 0 | |a slo | |
| 044 | |a SK | ||
| 245 | 1 | 0 | |a Pozícia značky na trhu - brand manažment |b dizertačná práca |c Marína Masárová ; školiteľ: Dagmar Lesáková |
| 264 | 1 | |a Bratislava |c 2014 | |
| 300 | |a 124 s. | ||
| 610 | 2 | 0 | |a banky |
| 610 | 2 | 0 | |a značky |
| 610 | 2 | 0 | |a trh finančný |
| 100 | 1 | |a Masárová, Marína | |
| 700 | 1 | |a Lesáková, Dagmar, 1949- | |
| 710 | 2 | |a Obchodná fakulta EU. Katedra marketingu | |